African Flags Quiz - Statistics

General Stats
  • This quiz has been taken 19 times
  • The average score is 43 of 55
Answer Stats
Picture Answer % Correct
Sudan
100%
Burkina Faso
92%
Guinea
92%
Sierra Leone
92%
Algeria
85%
Cameroon
85%
Ethiopia
85%
Ghana
85%
Guinea-Bissau
85%
Ivory Coast
85%
Kenya
85%
Libya
85%
Madagascar
85%
Malawi
85%
Morocco
85%
Niger
85%
Nigeria
85%
Somalia
85%
South Africa
85%
Tunisia
85%
Uganda
85%
Zambia
85%
Zimbabwe
85%
Angola
77%
Benin
77%
Botswana
77%
Burundi
77%
Central African Republic
77%
Chad
77%
Comoros
77%
Djibouti
77%
Egypt
77%
Equatorial Guinea
77%
Eritrea
77%
Gabon
77%
Gambia
77%
Lesotho
77%
Liberia
77%
Mali
77%
Mauritania
77%
Mauritius
77%
Mozambique
77%
Namibia
77%
Namibia
77%
Rwanda
77%
Sao Tome & Principe
77%
Senegal
77%
Seychelles
77%
Tanzania
77%
South Sudan
69%
Togo
69%
Democratic Republic of Congo
62%
Republic of Congo
54%
Cabo Verde
46%
Eswatini
23%
No matching quizzes found
Score Distribution
Percent of People with Each Score
Percentile by Number Answered
Your Score History
You have not taken this quiz